书目信息 |
| 题名: |
苏轼
|
|
| 作者: | 梁归智 著 | |
| 分册: | ||
| 出版信息: | 西安 陕西师范大学出版总社 2017 |
|
| 页数: | 154页 | |
| 开本: | 24cm | |
| 丛书名: | ||
| 单 册: | ||
| 中图分类: | K825.6=441 | |
| 科图分类: | ||
| 主题词: | ||
| 电子资源: | ||
| ISBN: | 978-7-5613-8826-6 | |
| 000 | 00931nam0 2200217 450 | |
| 001 | 417642 | |
| 005 | 20180527223631.32 | |
| 010 | @a978-7-5613-8826-6@dCNY20.00 | |
| 100 | @a20170619d2017 em y0chiy50 ea | |
| 101 | 0 | @achi |
| 102 | @aCN@b610000 | |
| 105 | @ay z 000yb | |
| 200 | 1 | @a苏轼@9su shi@f梁归智著 |
| 210 | @a西安@c陕西师范大学出版总社@d2017 | |
| 215 | @a154页@d24cm | |
| 330 | @a本书稿从入世之功、出世之逸、文艺之达以及思想之丰与通、人情之挚与厚几个方面,也就是从真、善、美三个维度,对苏轼一生的政治功业、文学艺术学术成就、家世生平、师友交游等作了简明扼要而深入浅出的介绍,同时对苏轼的一些具有代表性的诗、词、文、赋、书法和绘画作品作了赏析,显示了苏轼作为“中华文曲星”在中国文化史上非同一般的意义:大仁者的情怀与“诗意栖居”的完美结合。 | |
| 600 | 0 | @a苏轼@f(1036-1101)@x传记 |
| 690 | @aK825.6=441@v5 | |
| 701 | 0 | @a梁归智@9liang gui zhi@4著 |
| 801 | 0 | @aCN@b91MARC@c20170619 |
| 905 | @aMuseLib@dK825.6=441@e1112 | |
| 苏轼/梁归智著.-西安:陕西师范大学出版总社,2017 |
| 154页;24cm |
| ISBN 978-7-5613-8826-6:CNY20.00 |
| 本书稿从入世之功、出世之逸、文艺之达以及思想之丰与通、人情之挚与厚几个方面,也就是从真、善、美三个维度,对苏轼一生的政治功业、文学艺术学术成就、家世生平、师友交游等作了简明扼要而深入浅出的介绍,同时对苏轼的一些具有代表性的诗、词、文、赋、书法和绘画作品作了赏析,显示了苏轼作为“中华文曲星”在中国文化史上非同一般的意义:大仁者的情怀与“诗意栖居”的完美结合。 |
| ● |
| 相关链接 |
|
|
|
|
正题名:苏轼
索取号:K825.6=441/1112
 
预约/预借
| 序号 | 登录号 | 条形码 | 馆藏地/架位号 | 状态 | 备注 |
| 1 | 1112247 | 211122471 | 第二样本阅览室/ [索取号:K825.6=441/1112] | 在馆 | |
| 2 | 1112248 | 211122480 | 教育系资料室/ [索取号:K825.6=441/1112] | 在馆 | |
| 3 | 1112249 | 211122499 | 教育系资料室/ [索取号:K825.6=441/1112] | 在馆 | |
| 4 | 1112250 | 211122505 | 第二借阅区/ [索取号:K825.6=441/1112] | 在馆 |